| 000 | 02868nam a2200373 4500 | ||
|---|---|---|---|
| 001 | ESSALUD | ||
| 005 | 20260702124026.0 | ||
| 007 | ta | ||
| 008 | t pe ||||| |||| 00| 0 spa d | ||
| 040 | _aBMG | ||
| 041 | _aspa | ||
| 100 |
_aTarazana Pineda, Manolo Narciso _eAutor _953135 |
||
| 245 | _aImpacto laboral del incremento de la UIT en el año 2026 | ||
| 246 | _aLabor impact of the increase in the UIT in 2026 | ||
| 300 | _apáginas 67-78 | ||
| 520 | _aEn el presente informe se desarrollan las principales implicancias laborales derivadas del incremento de la Unidad Impositiva Tributaria (UIT) para el año 2026, fijada en S/ 5,500.00, examinando su incidencia en aspectos re levantes como la remuneración integral anual, la inembargabilidad de las remuneraciones, el cobro de beneficios laborales mediante poder, la determinación del régimen de la micro y pequeña empresa, la exclusión del régimen de construcción civil, la intermediación laboral y la aplicación de multas por la autoridad inspectiva de trabajo. Asimismo, se abordan los efectos del nuevo valor de la UIT en materia procesal laboral, seguridad social y retención del Impuesto a la Renta de quinta categoría, con la finalidad de brindar un marco técnico que facilite el adecuado cumplimiento de las obligaciones laborales y conexas. | ||
| 520 | _aThis report examines the main labour-related implications arising from the increase in the Tax Unit (Unidad Impositiva Tributaria – UIT) far the year 2026, set at 5/ 5,500.00, analyzing its impact on relevant aspects such as the annual comprehensive remuneration, the non-attachability of wages, the collection of labour benefits through powers of attorney, the determination of the micro and small enterprise regime, the exclusion from the civil construction regime, labour intermediation, and the application of fines by the labour inspection authority. lt also addresses the effects of the new UIT value in the fields of labour procedural law, social security, and the withholding of fifth-category income tax, with the aim of providing a technical framework that facilitates proper compliance with labour and related abligations. | ||
| 650 |
_aUNIDAD IMPOSITIVA TRIBUTARIA _953136 |
||
| 650 |
_aMULTAS LABORALES _953137 |
||
| 650 |
_aINCREMENTO _953138 |
||
| 650 |
_aINCIDENCIA _942986 |
||
| 650 |
_aREGÍMENES _953139 |
||
| 650 |
_aPROCESO _94080 |
||
| 650 |
_aCUANTÍA _953140 |
||
| 650 |
_aTAX UNIT (UIT) _953141 |
||
| 650 |
_aLABOUR FINES _953142 |
||
| 650 |
_aINCREASE _953143 |
||
| 650 |
_aIMPACT _953144 |
||
| 650 |
_aREGIMES _953145 |
||
| 650 |
_aPROCEDURE _953146 |
||
| 650 |
_aAMOUNT _953147 |
||
| 773 | 0 |
_022614 _922623 _dLima Grupo Praxis Formación Profesional, 2026- _oPRALAB001 _tPraxis Laboral & Procesal Laboral _wESSALUD _x3119-768X |
|
| 942 |
_cARTICULOS _e2026-07-02 _zSQB |
||
| 999 |
_c22618 _d22618 |
||